| 000 | 00890nam a22002417a 4500 | ||
|---|---|---|---|
| 003 | NALT | ||
| 005 | 20210426160647.0 | ||
| 008 | s2009 si eng d | ||
| 020 | _a9789812308603 | ||
| 040 | _aNALT | ||
| 041 | _aeng | ||
| 050 | _aASEAN TD299.S6 T23C 2009 | ||
| 100 | 1 |
_aTan, Yong Soon. _951684 |
|
| 245 | 1 | 0 |
_aClean, green and blue : _bSingapore's journey towards environmental and water sustainability / _cTan Yong Soon with Lee Tung Jean, Karen Tan. |
| 260 |
_aSingapore : _bInstitute of Southeast Asian Studies, _c2009 |
||
| 300 |
_a390 p. : _bill., charts, tables ; _c23 cm. |
||
| 650 | 0 |
_aEnvironmental protection _951685 _zSingapore |
|
| 650 | 0 |
_aWater resources development _951686 _zSingapore |
|
| 650 | 0 |
_aWater-supply _951687 _xManagement _zSingapore |
|
| 850 | _aNALT | ||
| 942 |
_cGB _2lcc |
||
| 998 |
_bภัลลิกา บุษมงคล _c103 _j109 _k อารีรัตน์ วิชาช่าง |
||
| 999 |
_c58726 _d58726 |
||